NHL - Statistiken

Allgemein
  • Dieses Quiz wurde 29 mal gespielt
    3 seit der letzten Aktualisierung
  • Das Durchschnittsergebnis liegt bei 9 aus 68
Antwortstatistiken
Hint Antwort % Korrekt
EDM Jarry
100%
PIT Skinner
100%
CAR Andersen
50%
COL Blackwood
50%
FLA Bobrovski
50%
ANA Dostal
50%
DET Gibson
50%
MIN Gustavsson
50%
VGK Hill
50%
WSH Lindgren
50%
CBJ Merzlikins
50%
NSH Saros
50%
BOS Swayman
50%
WSH Thompson
50%
COL Wedgewood
50%
NJD Allen
0%
NSH Annunen
0%
SJS Askarov
0%
STL Binnington
0%
CAR Bussi
0%
WPG Comrie
0%
CGY Cooley
0%
SEA Daccord
0%
VAN Demko
0%
DAL DeSmith
0%
MTL Dobes
0%
PHI Ersson
0%
LAK Forsberg
0%
MTL Fowler
0%
CBJ Greaves
0%
SEA Grubauer
0%
VGK Hart
0%
WPG Hellebuyck
0%
STL Hofer
0%
EDM Ingram
0%
TBL Johansson
0%
CHI Knight
0%
BOS Korpisalo
0%
LAK Kuemper
0%
VAN Lankinen
0%
BUF Luukkonen
0%
BUF Lyon
0%
NJD Markström
0%
OTT Meriläinen
0%
MTL Montembeault
0%
ANA Mrazek
0%
SJS Nedeljkovic
0%
DAL Oettinger
0%
NYR Quick
0%
OTT Reimer
0%
NYI Rittich
0%
VGK Schmid
0%
NYR Shesterkin
0%
PIT Silovs
0%
CHI Söderblom
0%
NYI Sorokin
0%
TOR Stolarz
0%
DET Talbot
0%
FLA Tarasov
0%
VAN Tolopilo
0%
OTT Ullmark
0%
UTA Vanecek
0%
TBL Vasilevsky
0%
UTA Vejmelka
0%
PHI Vladar
0%
MIN Wallstedt
0%
CGY Wolf
0%
TOR Woll
0%
Keine übereinstimmenden Quizze gefunden
Verteilung der Resultate
Anzahl Personen mit jedem Resultat
Perzentil nach korrekt beantworteten Fragen
Ihre Resultats-Entwicklung
Sie haben dieses Quiz seit der letzten Aktualisierung nicht gespielt